[Event "Mechanics' Peter Grey TNM; G/2 d5"]
[Site "San Francisco"]
[Date "2017.09.12"]
[Round "6.27"]
[White "Kondakova, Elena"]
[Black "Sherwood, Peter"]
[Result "1-0"]
[WhiteElo "1295"]
[BlackElo "1659"]
[Annotator "Donaldson"]
[PlyCount "80"]
[EventDate "2017.??.??"]

1. e4 e6 2. d4 d5 3. Nc3 Nf6 4. Bg5 Be7 5. e5 Nfd7 6. Bxe7 Qxe7 7. Nf3 c5 $2 (
7... a6 {or even better}) (7... O-O) 8. Nb5 Qd8 9. c4 $6 (9. Nd6+) 9... O-O 10.
Nd6 cxd4 11. Qxd4 Qa5+ 12. Qd2 Qxd2+ 13. Kxd2 dxc4 14. Bxc4 Nc6 15. Rhe1 Ndxe5
16. Nxe5 Nxe5 17. Rxe5 Rd8 18. Ke3 Rxd6 19. Rc1 Bd7 20. Rc5 Bc6 21. Bb5 Bxb5
22. Rxb5 Rd7 23. Rbc5 Kf8 24. Rc8+ Rxc8 25. Rxc8+ Ke7 26. Rc2 Kd6 27. Rd2+ Ke7
28. Rxd7+ $6 Kxd7 29. Kd3 Kd6 30. f3 Kd5 31. b3 a5 32. a4 f6 33. h3 e5 34. g3
f5 35. Kc3 e4 36. fxe4+ fxe4 37. Kc2 Kd4 38. Kd1 Kd3 39. Ke1 Ke3 40. g4 g5 1-0

[Event "Mechanics' Peter Grey TNM; G/2 d5"]
[Site "San Francisco"]
[Date "2017.09.26"]
[Round "8.31"]
[White "Kondakova, Elena"]
[Black "Simpkins, Jerry"]
[Result "0-1"]
[WhiteElo "1295"]
[BlackElo "1553"]
[PlyCount "82"]
[EventDate "2017.??.??"]

1. e4 e5 2. Nf3 f5 3. d4 fxe4 4. Nxe5 Nf6 5. Be2 d6 6. Ng4 Be7 7. O-O O-O 8.
Nc3 d5 9. Ne5 Nc6 10. h3 Bd6 11. Bg5 Be6 12. Bg4 Bxg4 13. Nxg4 Be7 14. Nxf6+
Bxf6 15. Bxf6 Rxf6 16. Qd2 Ne7 17. Qe2 c6 18. f3 Nf5 19. Rad1 Ng3 20. Qe3 Nxf1
21. Rxf1 exf3 22. Rxf3 Rxf3 23. Qxf3 Qb6 24. Qg4 Qxb2 25. Na4 Qc1+ 26. Kh2 Rf8
27. Nc3 Qf4+ 28. Qxf4 Rxf4 29. Ne2 Re4 30. Ng3 Rxd4 31. Nf5 Rd2 32. Nd6 Rxc2
33. Nxb7 Rxa2 34. Nd8 c5 35. Ne6 c4 36. Nf4 d4 37. Kg1 d3 38. Kf1 d2 39. Ke2 c3
40. Nd3 Ra1 41. Nf2 Re1+ 0-1

[Event "Mechanics' Peter Grey TNM; G/2 d5"]
[Site "San Francisco"]
[Date "2017.09.05"]
[Round "5.32"]
[White "Kondakova, Elena"]
[Black "Starr, Albert"]
[Result "1-0"]
[WhiteElo "1295"]
[BlackElo "1570"]
[Annotator "Donaldson"]
[PlyCount "91"]
[EventDate "2017.??.??"]

1. e4 e5 2. Nf3 Nf6 3. Nxe5 d6 4. Nf3 Nxe4 5. Qe2 Qe7 6. d3 Nf6 7. Nc3 c6 8.
Bf4 Bg4 9. Qxe7+ Bxe7 10. Be2 Nbd7 11. h3 Bh5 12. Nd4 Bxe2 13. Ncxe2 Nd5 14.
Bg3 Bf6 $2 15. Bxd6 (15. Nf5 $1) 15... O-O-O 16. c3 (16. O-O-O) 16... Rhe8 17.
O-O-O (17. Kd2) 17... c5 18. Nb5 b6 19. Rhe1 Kb7 20. d4 (20. Bg3) 20... Bg5+
21. Kb1 c4 22. f4 Ne3 23. Bc7 Nxd1 24. Bxd8 Bxd8 25. Nd6+ Kc6 26. Nxe8 Ne3 27.
g4 g6 28. Ng3 Nd5 29. g5 Nxf4 30. Rf1 Nxh3 31. Rxf7 Nxg5 {Diagram [#]} 32. d5+
$1 Kb7 33. Rxd7+ Kc8 34. Rxa7 h5 35. Ng7 h4 36. Nh1 Nf3 37. Kc2 Ne5 38. Ne6 Bf6
39. Rc7+ Kb8 40. d6 Nd3 41. d7 g5 42. Rc8+ Kb7 43. d8=Q Bxd8 44. Rxd8 g4 45.
Rg8 g3 46. Nxg3 1-0

[Event "Mechanics' Spring TNM; G/2"]
[Site "San Francisco"]
[Date "2017.05.02"]
[Round "8.16"]
[White "Kondakova, Elena"]
[Black "Stolpe, Samuel"]
[Result "0-1"]
[WhiteElo "1244"]
[BlackElo "1630"]
[PlyCount "24"]
[EventDate "2017.??.??"]

1. e4 c6 2. c4 d5 3. exd5 cxd5 4. cxd5 Nf6 5. Nc3 Nxd5 6. Nxd5 $6 Qxd5 7. d4
Nc6 8. Be3 Bf5 9. Qf3 (9. Nf3) 9... Be4 10. Qg3 e5 11. dxe5 Bb4+ 12. Ke2 Qd3#
0-1

[Event "Mechanics' Spring TNM; G/2"]
[Site "San Francisco"]
[Date "2017.04.25"]
[Round "7.12"]
[White "Krasnov, Steven"]
[Black "Andries, W Craig"]
[Result "1/2-1/2"]
[WhiteElo "2043"]
[BlackElo "1860"]
[PlyCount "94"]
[EventDate "2017.??.??"]

1. e4 g6 2. d4 Bg7 3. Nc3 d6 4. h4 h6 5. Be3 a6 6. a4 b6 7. f3 Nd7 8. Bd3 Bb7
9. Qd2 c6 10. Nge2 Qc7 11. g3 e6 12. Nf4 Ne7 13. O-O e5 14. Nfe2 c5 15. dxe5
dxe5 16. Bc4 Nf6 17. Rad1 Nc6 18. Nd5 Nxd5 19. exd5 Nd4 20. c3 Nf5 21. Bf2 Nd6
22. Ba2 Qd7 23. b3 g5 24. Kg2 gxh4 25. gxh4 Bf6 26. Rh1 Rg8+ 27. Kf1 Qf5 28.
Ng1 Qg6 29. Rh2 Nf5 30. Bb1 Ng3+ 31. Bxg3 Qxg3 32. Qf2 a5 33. Be4 O-O-O 34.
Qxg3 Rxg3 35. Ne2 Rg7 36. Kf2 Rdg8 37. c4 Kd8 38. Rg1 Bc8 39. Rxg7 Rxg7 40. Ng3
Be7 41. Bf5 Rxg3 42. Bxc8 Rg8 43. Bg4 Kc7 44. Ke3 Kd6 45. Ke4 Rg6 46. Rh3 Rg7
47. Kf5 Rg6 1/2-1/2

[Event "Mechanics' Fall TNM; G/2 d5"]
[Site "San Francisco"]
[Date "2017.12.12"]
[Round "8.19"]
[White "Krasnov, Steven"]
[Black "Boldi, Nicholas"]
[Result "1-0"]
[WhiteElo "1970"]
[BlackElo "1355"]
[PlyCount "39"]
[EventDate "2017.??.??"]

1. c4 e6 2. Nf3 d5 3. e3 Nf6 4. Nc3 c5 5. d4 Nc6 6. cxd5 exd5 7. Be2 Qb6 8. Na4
Qc7 9. dxc5 Bxc5 10. a3 Bd6 11. b4 a6 12. Bb2 b5 13. Bxf6 bxa4 14. Bb2 O-O 15.
Rc1 Bd7 16. Qxd5 Rfd8 17. Rd1 $2 {Diagram [#]} (17. Ng5 $18) 17... Nxb4 $3 18.
Qxd6 $4 (18. axb4 Bxb4+ 19. Nd2 a3 20. Be5 (20. Ba1 $4 Ba4) 20... Bc6 $11)
18... Nc2+ 19. Kf1 Qxd6 $4 (19... Bb5 {wins!}) 20. Rxd6 {
and White went on to win. Remaining moves unavailable.} 1-0

[Event "Mechanics' Fall TNM; G/2 d5"]
[Site "San Francisco"]
[Date "2017.12.05"]
[Round "7.31"]
[White "Krasnov, Steven"]
[Black "Boldt, Tim"]
[Result "1-0"]
[WhiteElo "1970"]
[BlackElo "1156"]
[PlyCount "81"]
[EventDate "2017.??.??"]

1. g3 e6 2. Bg2 d5 3. Nf3 Bd6 4. d3 Nf6 5. O-O O-O 6. Nc3 Bd7 7. e4 Nc6 8. Re1
dxe4 9. dxe4 Ne5 10. Nd4 Bc5 11. h3 Bc6 12. Be3 Nc4 13. Nxc6 Qxd1 14. Raxd1
Nxe3 15. fxe3 bxc6 16. e5 Nd5 17. Nxd5 cxd5 18. c4 c6 19. a3 a5 20. Re2 Rab8
21. cxd5 cxd5 22. Rc1 Rfc8 23. Kf1 Ba7 24. Rxc8+ Rxc8 25. Kf2 Bb8 26. e4 d4 27.
Bf1 Bxe5 28. Rd2 Rd8 29. Rc2 Bb8 30. Rc5 Ba7 31. Rxa5 d3+ 32. Rxa7 d2 33. Be2
g6 34. Bd1 Kg7 35. Rc7 Kf6 36. Ke3 Ke5 37. Rc5+ Kd6 38. b4 Ra8 39. e5+ Kd7 40.
a4 Rxa4 41. Bxa4+ 1-0

[Event "Mechanics' Peter Grey TNM; G/2 d5"]
[Site "San Francisco"]
[Date "2017.09.26"]
[Round "8.13"]
[White "Krasnov, Steven"]
[Black "Crofts, Jacob"]
[Result "0-1"]
[WhiteElo "2028"]
[BlackElo "1692"]
[PlyCount "104"]
[EventDate "2017.??.??"]

1. e4 c5 2. Nc3 Nc6 3. Nge2 g6 4. g3 Bg7 5. Bg2 Nf6 6. d3 O-O 7. O-O e6 8. Be3
d6 9. h3 Rb8 10. a4 a6 11. Qd2 b5 12. f4 b4 13. Nd1 Bb7 14. c3 b3 15. Nf2 Qe7
16. Nc1 Na5 17. Ra3 Ba8 18. c4 Qc7 19. Qe1 $2 {Diagram [#]} Nxe4 $1 20. Nd1 Nf6
21. Bxa8 Rxa8 22. Nxb3 Nxb3 23. Rxb3 Rab8 24. Ra3 Nd7 25. Rf2 Rb7 26. Rc2 Rfb8
27. Qe2 Qc6 28. Bc1 Re8 29. Nc3 Nf6 30. g4 Rbe7 31. Qg2 Qb6 32. a5 Qc7 33. Re2
Nd7 34. Bd2 Nb8 35. f5 Nc6 36. fxe6 fxe6 37. Bg5 Nd4 38. Re3 Rf7 39. Ra1 Ref8
40. Ne4 Nf3+ 41. Kh1 h6 42. Rxf3 Rxf3 43. Bh4 Rxd3 44. Bg3 Rff3 45. Rf1 Rxf1+
46. Qxf1 Re3 47. Qg2 e5 48. Nc3 Qf7 49. Ne4 Qxc4 50. Nxd6 Qc1+ 51. Kh2 Rd3 52.
Ne4 Rb3 {White lost on time.} 0-1

[Event "Mechanics' Winter TNM; G/2"]
[Site "San Francisco"]
[Date "2017.01.24"]
[Round "4.3"]
[White "Krasnov, Steven"]
[Black "Doyle, Bryon"]
[Result "0-1"]
[WhiteElo "2043"]
[BlackElo "2203"]
[PlyCount "86"]
[EventDate "2017.??.??"]

1. c4 c5 2. Nc3 Nc6 3. Nf3 Nf6 4. d4 cxd4 5. Nxd4 Nxd4 6. Qxd4 g6 7. g3 Bg7 8.
Bg2 O-O 9. O-O d6 10. Rd1 Ng4 11. Qd2 Qb6 12. e3 Ne5 13. Qe2 Bg4 14. f3 Be6 15.
Nd5 Bxd5 16. cxd5 Rfc8 17. Rb1 Rc7 18. f4 Nd7 19. b3 Rac8 20. Be4 Nc5 21. Bf3
Na4 22. Bd2 Nc3 23. Bxc3 Rxc3 24. Rd3 Rc2 25. Rd2 R2c3 26. Re1 R3c5 27. Kg2 Bc3
28. Red1 Bxd2 29. Rxd2 Rc3 30. e4 Re3 31. Qd1 Rcc3 32. Rf2 Qc5 33. Qd2 Rcd3 34.
Qb2 Qc3 35. Qxc3 Rxc3 36. g4 b6 37. h4 h6 38. Kg3 Rxe4 39. h5 Ree3 40. hxg6
fxg6 41. f5 gxf5 42. gxf5 Kg7 43. Kf4 Rxf3+ 0-1

[Event "Mechanics' Spring TNM; G/2"]
[Site "San Francisco"]
[Date "2017.03.14"]
[Round "1.17"]
[White "Krasnov, Steven"]
[Black "Giridharan, Durgas"]
[Result "1-0"]
[WhiteElo "2043"]
[BlackElo "1482"]
[Annotator "Donaldson"]
[PlyCount "59"]
[EventDate "2017.??.??"]

1. Nf3 d5 2. g3 Nc6 3. d4 Bf5 4. c3 e6 5. Bg2 Bd6 6. Nbd2 Nf6 7. O-O Qd7 8. b4
O-O 9. Nh4 Ne7 10. f3 e5 11. Nxf5 Nxf5 12. Nb3 exd4 13. Nxd4 a5 $2 (13... Nxd4)
14. Bh3 $1 Ne3 15. Bxd7 Nxd1 16. Rxd1 Nxd7 {Diagram [#]} 17. b5 (17. Nb5 $1 Nb6
18. Nxd6 cxd6 19. Kf2 $16) 17... Bc5 18. Kf1 Rfe8 19. Bf4 Ne5 20. Nb3 Bb6 21.
Rxd5 Nc4 22. e4 Ne3+ 23. Bxe3 Bxe3 24. Rd7 a4 25. Nd4 Red8 26. Rxd8+ Rxd8 27.
Rd1 c5 28. bxc6 bxc6 29. Ke2 Bxd4 30. cxd4 1-0

[Event "Mechanics' Peter Grey TNM; G/2 d5"]
[Site "San Francisco"]
[Date "2017.08.29"]
[Round "4.32"]
[White "Krasnov, Steven"]
[Black "Giridharan, Durgashankar"]
[Result "1-0"]
[WhiteElo "2028"]
[BlackElo "1469"]
[PlyCount "65"]
[EventDate "2017.??.??"]

1. Nf3 Nf6 2. c4 g6 3. Nc3 Bg7 4. d4 d5 5. e3 O-O 6. Qb3 c6 7. Be2 dxc4 8. Bxc4
b5 9. Be2 Be6 10. Qc2 Qb6 11. O-O a6 12. b3 c5 13. Rd1 Nd5 14. Nxd5 Bxd5 15.
dxc5 Rc8 16. Bb2 Rxc5 17. Qd2 Be4 18. Qd8+ Qxd8 19. Rxd8+ Bf8 20. Be5 Nc6 21.
Rxa8 Nxe5 22. Rxa6 Nd3 23. h3 Kg7 24. Nd2 Rc2 25. Nxe4 Rxe2 26. Kf1 Rc2 27. Rd1
Nb4 28. Rb6 Nxa2 29. Rb8 e6 30. Rxb5 Nc3 31. Nxc3 Rxc3 32. Ke2 Be7 33. Rd7 1-0

[Event "Mechanics' Summer TNM; G/2 d5"]
[Site "San Francisco"]
[Date "2017.05.23"]
[Round "1.19"]
[White "Krasnov, Steven"]
[Black "Hilliard, Michael"]
[Result "1-0"]
[WhiteElo "2052"]
[BlackElo "1420"]
[PlyCount "63"]
[EventDate "2017.??.??"]

1. Nf3 d5 2. c4 c6 3. e3 Nf6 4. b3 e6 5. Bb2 Nbd7 6. Be2 Bd6 7. Nc3 O-O 8. h3
b6 9. Rc1 Bb7 10. O-O Re8 11. Qc2 Qe7 12. d4 Rac8 13. Qb1 a6 14. Rfd1 b5 15. e4
e5 16. cxb5 cxb5 17. dxe5 Nxe5 18. exd5 Ned7 19. Bf1 Ne5 20. Qf5 g6 21. Qg5
Nxf3+ 22. gxf3 Nd7 23. Qxe7 Rxe7 24. Ne4 Rxc1 25. Bxc1 Be5 26. Bg2 Bg7 27. f4
Nf6 28. d6 Rd7 29. Nc5 Bxg2 30. Nxd7 Bc6 31. Nb8 Be8 32. d7 1-0

[Event "Mechanics' Winter TNM; G/2"]
[Site "San Francisco"]
[Date "2017.01.03"]
[Round "1.12"]
[White "Krasnov, Steven"]
[Black "Karweit, Alex W"]
[Result "1-0"]
[WhiteElo "2043"]
[BlackElo "1422"]
[Annotator "Donaldson"]
[PlyCount "91"]
[EventDate "2017.??.??"]

1. Nf3 d5 2. g3 Nf6 3. Bg2 e6 4. O-O Bd6 5. d3 h6 6. Nc3 Bd7 7. e4 dxe4 8. dxe4
e5 9. h3 O-O 10. Be3 Re8 11. Qd2 a6 12. Rad1 Nc6 13. Nh4 Qe7 14. Rfe1 Bc5 15.
Nd5 Nxd5 16. exd5 Bxe3 17. Rxe3 Nd4 18. Rde1 Qd6 19. c3 Nf5 20. Nxf5 Bxf5 21.
Qe2 e4 22. Bxe4 Bxe4 23. Rxe4 Rxe4 24. Qxe4 Qd7 25. Kg2 g6 26. c4 Rd8 27. h4 b5
28. b3 bxc4 29. bxc4 Kf8 30. Qf4 Kg7 31. Qd4+ Kg8 32. Qe5 Qd6 33. Qe7 Rd7 34.
Qxd6 cxd6 35. Re8+ Kg7 36. Ra8 Rc7 37. Rxa6 Rxc4 38. a4 (38. Kf3) 38... Kf8 $6
{Diagram [#]} (38... Rd4 $1 39. Rxd6 (39. Ra5 Kf6 $11) 39... Rxa4 {
with good drawing chances.}) 39. Kf3 Rd4 40. Ra5 (40. Rxd6 Rxa4 41. h5) 40...
Ke7 (40... Kg7) 41. Ke3 Rd1 42. Rb5 f5 $2 (42... Kf6) 43. a5 Ra1 44. Kd4 Ra3
45. Kc4 Rf3 $2 46. a6 1-0

[Event "Mechanics' Summer TNM; G/2 d5"]
[Site "San Francisco"]
[Date "2017.06.27"]
[Round "6.20"]
[White "Krasnov, Steven"]
[Black "Macintyre, Brendan"]
[Result "1-0"]
[WhiteElo "2052"]
[BlackElo "1500"]
[PlyCount "93"]
[EventDate "2017.??.??"]

1. e4 c5 2. Nc3 Nc6 3. Bb5 d6 4. Bxc6+ bxc6 5. d3 g6 6. h3 Bg7 7. Be3 Nf6 8.
Nge2 Rb8 9. Rb1 O-O 10. O-O Nd7 11. Qd2 Re8 12. f4 e6 13. Nd1 d5 14. c3 Qa5 15.
b3 d4 16. cxd4 Qxd2 17. Bxd2 cxd4 18. Nb2 Ba6 19. Rbc1 c5 20. Nc4 Bxc4 21. Rxc4
Bf8 22. Rfc1 f5 23. Ng3 Bd6 24. e5 Bf8 25. Kf2 Nb6 26. R4c2 Nd5 27. Ne2 Be7 28.
g4 fxg4 29. hxg4 Rf8 30. Kg2 Rf7 31. Rf1 Rbf8 32. Rcc1 Kg7 33. Rf3 g5 34. Rcf1
h6 35. f5 exf5 36. gxf5 Kh7 37. Ng3 Rg8 38. Ne4 Rb8 39. f6 Nxf6 40. Nxf6+ Kg6
41. Nd5 Rg7 42. e6 Bd8 43. Rf7 Rg8 44. e7 Bb6 45. R1f6+ Kh5 46. Kg3 Rh8 47. Rf8
1-0

[Event "Mechanics' Peter Grey TNM; G/2 d5"]
[Site "San Francisco"]
[Date "2017.09.19"]
[Round "7.20"]
[White "Krasnov, Steven"]
[Black "Mines, Joshua"]
[Result "1-0"]
[WhiteElo "2028"]
[BlackElo "1499"]
[PlyCount "73"]
[EventDate "2017.??.??"]

1. c4 c5 2. Nc3 Nc6 3. Nf3 e5 4. g3 Nf6 5. Bg2 d6 6. d3 Be7 7. O-O O-O 8. h3
Be6 9. Kh2 h6 10. e3 Qd7 11. Qe2 Nh7 12. Rd1 Ng5 13. Nxg5 Bxg5 14. Nd5 f5 15.
f4 exf4 16. gxf4 Bf6 17. Rg1 Kh7 18. Bf3 Rae8 19. Nxf6+ Rxf6 20. Bd2 d5 21. Bc3
d4 22. Bxc6 bxc6 23. Bd2 dxe3 $4 24. Bc3 $1 Rf7 25. Rae1 Ree7 26. Be5 Bxc4 27.
dxc4 Rxe5 28. fxe5 f4 29. Rd1 Qe6 30. Qc2+ Kg8 31. Rd8+ Rf8 32. Rxf8+ Kxf8 33.
Qe4 g5 34. Rd1 f3 35. Qxe3 Qxc4 36. Rc1 Qxa2 37. Qxc5+ 1-0

[Event "Mechanics' Fall TNM; G/2 d5"]
[Site "San Francisco"]
[Date "2017.10.31"]
[Round "2.21"]
[White "Krasnov, Steven"]
[Black "Nassif, Wassim"]
[Result "1-0"]
[WhiteElo "1970"]
[BlackElo "1085"]
[PlyCount "41"]
[EventDate "2017.??.??"]

1. e4 e5 2. f4 d5 3. exd5 Qxd5 4. Nc3 Qe6 5. fxe5 Qxe5+ 6. Be2 Nf6 7. Nf3 Qd6
8. d4 Be7 9. Nb5 Qb6 10. a4 O-O 11. a5 Qc6 12. Ne5 Qxg2 13. Bf3 Qh3 14. Nxc7
Qh4+ 15. Ke2 Bd6 16. Nxa8 Nbd7 17. Be3 Nxe5 18. dxe5 Qc4+ 19. Qd3 Qxd3+ 20.
cxd3 Bxe5 21. Bxa7 {and White went on to win.} 1-0

[Event "Mechanics' Winter TNM; G/2"]
[Site "San Francisco"]
[Date "2017.02.21"]
[Round "8.4"]
[White "Krasnov, Steven"]
[Black "Stearman, Josiah P"]
[Result "0-1"]
[WhiteElo "2043"]
[BlackElo "2311"]
[Annotator "Donaldson"]
[PlyCount "88"]
[EventDate "2017.??.??"]

1. e4 c5 2. Nc3 Nc6 3. f4 e6 4. Nf3 a6 5. d3 b5 6. g3 g6 7. Bg2 Bg7 8. e5 f5 9.
Be3 d6 10. Qe2 b4 11. Na4 Qa5 12. b3 dxe5 13. Nxe5 Nxe5 14. Bxa8 Ng4 {
Diagram [#]} 15. Bc6+ (15. Bxc5 $1 Bxa1 16. Bc6+ Kf7 17. Bb6) 15... Kf7 16. Rd1
Nxe3 17. Qxe3 Bd4 18. Qf3 Ne7 19. Qg2 Nxc6 20. Qxc6 Re8 21. Kd2 Qb5 22. Qc7+
Bd7 23. Nb6 Bc3+ 24. Ke2 Re7 25. Nc4 Kf8 26. Nd6 Qc6 27. Qxc6 Bxc6 28. Nc4 e5
29. fxe5 Bxe5 30. Nxe5 Rxe5+ 31. Kf2 Bxh1 32. Rxh1 Ke7 33. Rd1 Kd6 34. d4 Rd5
35. dxc5+ Kxc5 36. Re1 Rd2+ 37. Re2 Rxe2+ 38. Kxe2 Kd4 39. Kd2 g5 40. h4 gxh4
41. gxh4 f4 42. h5 f3 43. h6 a5 44. Ke1 Ke3 0-1

[Event "Mechanics' Spring TNM; G/2"]
[Site "San Francisco"]
[Date "2017.03.28"]
[Round "3.5"]
[White "Krasnov, Steven"]
[Black "Tracy, Joseph J"]
[Result "0-1"]
[WhiteElo "2043"]
[BlackElo "2142"]
[PlyCount "84"]
[EventDate "2017.??.??"]

1. d4 Nf6 2. Bg5 e6 3. Nf3 c5 4. e3 cxd4 5. exd4 Qb6 6. Qc1 Ne4 7. Bf4 d5 8.
Bd3 Bd7 9. Nbd2 Nxd2 10. Bxd2 Bb5 11. Bxb5+ Qxb5 12. a4 Qa6 13. b4 Qc4 14. Qb2
Nc6 15. c3 Bd6 16. Qa2 Qxa2 17. Rxa2 a5 18. b5 Ne7 19. O-O Nc8 20. Rc1 Nb6 21.
Kf1 Kd7 22. Ne5+ Bxe5 23. dxe5 Rac8 24. Ke2 Rc4 25. Be3 Nxa4 26. Bd4 b6 27. Kd3
Rhc8 28. f4 Nc5+ 29. Bxc5 R8xc5 30. Rf2 Ke7 31. g4 Rxb5 32. h3 Rbc5 33. Rcc2 b5
34. f5 b4 35. cxb4 Rxc2 36. Rxc2 Rxc2 37. Kxc2 axb4 38. Kb3 f6 39. exf6+ Kxf6
40. fxe6 Kxe6 41. Kxb4 Ke5 42. Kc3 Ke4 0-1

[Event "Mechanics' Summer TNM; G/2 d5"]
[Site "San Francisco"]
[Date "2017.06.13"]
[Round "4.6"]
[White "Krasnov, Steven"]
[Black "Uzzaman, Ashik"]
[Result "0-1"]
[WhiteElo "2052"]
[BlackElo "2003"]
[Annotator "Winslow"]
[PlyCount "120"]
[EventDate "2017.??.??"]

1. d4 e6 2. g3 f5 3. Bg2 Nf6 4. Nc3 d5 5. Nh3 Bd6 6. O-O O-O 7. a3 Qe8 8. Bf4
a6 9. e3 Nbd7 10. Qe2 Nh5 11. Bxd6 cxd6 12. Rad1 Nhf6 13. f3 Nb6 14. e4 dxe4
15. fxe4 fxe4 16. Nxe4 Nxe4 17. Rxf8+ Qxf8 18. Bxe4 d5 {[#]} 19. Bxh7+ Kxh7 20.
Qh5+ Kg8 21. Rf1 $6 ({Only because} 21. Ng5 {gets this move in for "free" --}
Qf5 22. Rf1 Qxf1+ 23. Kxf1 Bd7 24. Qf7+ Kh8 25. Qg6 Kg8 26. Nxe6 Bxe6 27. Qxe6+
Kh8 28. Qxb6) 21... Qxf1+ 22. Kxf1 Bd7 23. Ng5 Rf8+ 24. Kg2 Rf5 25. h4 (25. b3)
25... Nc4 26. Qh7+ Kf8 27. Qh8+ Ke7 28. Qxg7+ Kd8 29. Qg8+ Ke7 30. Qg7+ Kd8 31.
Nf7+ Kc8 32. Qf8+ Kc7 33. Qd8+ Kc6 34. Qf8 Kc7 35. Qc5+ (35. g4 $1 {poor rook!}
) 35... Kb8 36. Ne5 Ne3+ 37. Kh3 Bb5 38. c4 (38. g4) 38... dxc4 39. Qd6+ Ka7
40. a4 Bxa4 (40... Rf1) 41. g4 (41. d5 Rf1 42. Qc5+ b6 43. Qxe3) 41... Rf2 42.
h5 (42. d5) 42... Nf1 43. Kh4 (43. Nxc4 $1) 43... Nd2 44. Qxe6 (44. Qc7 $1)
44... Ne4 45. Nf3 Bc2 46. Qxc4 $6 (46. Qf5 $1 Rf1 47. Qf4 $1 {is quite over})
46... Bb1 $6 (46... Bd1 47. Ng5 $1 Rh2+ 48. Nh3 Rg2 49. Qe6 {At some point
White just has to admit that "just another totally won pawn-up ending" is good
enough.}) 47. Qc1 {Back to crushing} Bd3 48. Qe3 Rf1 49. d5+ (49. g5) (49. Ng5)
49... b6 50. g5 Rh1+ 51. Kg4 Kb7 52. Ne5 Bc2 53. h6 (53. Nc4) 53... Nd6 {[#]}
54. Nd3 $4 {White appears to no longer be winning now.} (54. g6) (54. Nf3) (54.
Qf4) (54. Qf2) (54. Qc3) (54. Kf4) (54. Qd4) (54. Qg3) (54. Qd2) (54. h7) (54.
Ng6) (54. b3) (54. Kf3) (54. Qf3) (54. b4 {
(to name a few!) are all still winning...}) 54... Bd1+ {
Now Black may well be able to hold the draw...} 55. Kf4 $4 {
No draw now! Black wins.} ({The big question is whether White is winning after
} 55. Kg3 Nf5+ 56. Kg2 Nxe3+ 57. Kxh1 Bf3+ 58. Kg1 Be4 {Stockfish was so sure
this was plus for White at 55.Kg3, but after getting to this key position,
playing forward in various lines, then backing up one move at a time to here
again, it gives White a grand 0.08. Not close.} 59. Ne5 (59. Nf4 Ng4 {
shows the dreaded "0.00"}) 59... Nxd5 60. g6 Nf6 $5 (60... Bxg6 61. Nxg6 Nf6 {
might hold:} 62. Kf1 (62. Ne7 a5 (62... Kc7 $4 63. Nd5+) 63. Nd5 Nh7 64. Kf2
Kc6 65. Nc3 b5 66. Ke3 b4 67. Na4 Kd5 68. Kd3 Nf6 69. b3 Ke6 {when the switchin
g of the guard (king gets h-pawn, knight gets b-pawn) appears to draw}) 62...
Nh7 63. Ne5 Kc7 64. Ke2 Kd8 65. Ke3 Ke7 66. Kd4 {
is yet another line that drifts back to drawn after some shaking.}) 61. Ng4
Bxg6 62. Nxf6 a5 63. Kg2 b5 64. Kf3 Kc6 65. Kf4 a4 $11 {
If only the knight were on f8, when Kf6/Ng6 would keep the queen...}) 55...
Rh4+ 56. Kg3 Nf5+ {Can't get the rook after Kg2} 57. Kf2 Nxe3 58. Kxe3 Bc2 59.
Nb4 Re4+ 60. Kd2 Rxb4 {(I think that was Black's last move. Now Stockfish
finds faster and faster mates --} (60... Rxb4 61. Kxc2 Rh4 62. Kd3 {
But for us humans} Rh5 {
eliminating those scary pawns, will do. (Mate in 23? Quiet!)}) 0-1

[Event "Mechanics' Fall TNM; G/2 d5"]
[Site "San Francisco"]
[Date "2017.11.21"]
[Round "5.29"]
[White "Krasnov, Steven"]
[Black "Wingenroth, Jordan"]
[Result "1-0"]
[WhiteElo "1970"]
[BlackElo "1428"]
[Annotator "Donaldson"]
[PlyCount "69"]
[EventDate "2017.??.??"]

1. e4 e5 2. Nc3 Nc6 3. f4 exf4 4. Nf3 Nf6 5. d4 d5 6. e5 Ne4 7. Bxf4 Bg4 8. Be2
Bb4 9. Qd3 Bxf3 10. Bxf3 O-O 11. O-O Bxc3 12. bxc3 f5 13. exf6 Nxf6 14. Qb5 Rb8
15. Bg5 Ne7 16. Rae1 Qd6 17. Re5 c6 18. Qe2 Ng6 19. Re6 Qd7 20. Re3 Rbe8 21.
Bxf6 Rxe3 22. Qxe3 Rxf6 23. Re1 Qf5 24. Qe2 Nf4 25. Qd2 Qg5 26. Kh1 Kf7 (26...
Re6 $1) 27. c4 Re6 28. Rxe6 (28. Rf1) 28... Kxe6 29. cxd5+ (29. g3 Nh3 30.
cxd5+ cxd5 31. Qe1+ Kd6 32. Bg2) 29... cxd5 30. Qe1+ Kd7 31. Qb4 b6 32. Qa4+
Kd6 33. Qxa7 Ne6 34. Qxb6+ Ke7 35. Qb4+ 1-0

[Event "Mechanics' Winter TNM; G/2"]
[Site "San Francisco"]
[Date "2017.01.31"]
[Round "5.12"]
[White "Krasnov, Steven"]
[Black "Yanofsky, Kevin"]
[Result "1-0"]
[WhiteElo "2043"]
[BlackElo "1716"]
[PlyCount "93"]
[EventDate "2017.??.??"]

1. e4 c5 2. Nf3 g6 3. d4 cxd4 4. Nxd4 Nc6 5. Be3 Bg7 6. c3 Nf6 7. Nd2 d6 8. h3
O-O 9. Be2 d5 10. Bf3 Ne5 11. O-O Nxf3+ 12. Qxf3 dxe4 13. Nxe4 Nd5 14. Bc1 e5
15. Nb3 Qc7 16. Rd1 Nf4 17. Be3 b6 18. Nd6 Ba6 19. Bxf4 exf4 20. Qxf4 Rfd8 21.
Rd2 Rd7 22. Rad1 Rad8 23. Qa4 Rxd6 24. Qxa6 Rxd2 25. Rxd2 Re8 26. Re2 Rd8 27.
Re1 Bf6 28. Qe2 Qd6 29. g3 Kg7 30. Kg2 Rd7 31. Qc4 Rc7 32. Qb5 Rd7 33. Re2 h5
34. Rd2 Qxd2 35. Nxd2 Rxd2 36. a4 Be7 37. b4 Rb2 38. a5 Bc5 39. axb6 Rxf2+ 40.
Kg1 Bxb6 41. Qxb6 axb6 42. Kxf2 b5 43. Ke3 f5 44. c4 bxc4 45. b5 c3 46. b6 c2
47. Kd2 1-0

[Event "Mechanics' Peter Grey TNM; G/2 d5"]
[Site "San Francisco"]
[Date "2017.09.12"]
[Round "6.18"]
[White "Kuczek, Kevin W"]
[Black "Andries, Craig"]
[Result "1-0"]
[WhiteElo "1826"]
[BlackElo "1831"]
[PlyCount "97"]
[EventDate "2017.??.??"]

1. e4 g6 2. Nc3 Bg7 3. f4 d6 4. Bc4 a6 5. a4 e6 6. Nf3 c5 7. d3 Nc6 8. O-O Nge7
9. Qe1 O-O 10. Qh4 d5 11. Bb3 Nd4 12. Nxd4 Bxd4+ 13. Kh1 Bg7 14. f5 exf5 15.
Bg5 f6 16. Nxd5 Nxd5 17. Bxd5+ Kh8 18. Be3 fxe4 19. dxe4 f5 20. Qxd8 Rxd8 21.
Bxc5 a5 22. c3 Ra6 23. Rad1 Re8 24. exf5 Bxf5 25. Bxb7 Rae6 26. Bf3 Bc2 27. Ra1
h5 28. Kg1 Rb8 29. Ba3 Bh6 30. b4 Bg7 31. Rac1 Bxa4 32. bxa5 Bh6 33. Rb1 Rbe8
34. c4 Be3+ 35. Kh1 h4 36. Bd5 Ra6 37. Bb2+ Kh7 38. Bc3 Kh6 39. h3 Re7 40. Rfe1
Bc5 41. Bd2+ g5 42. Rxe7 Bxe7 43. Rb6+ Rxb6 44. axb6 Bb3 45. b7 Bd6 46. Be3 Bb8
47. Kg1 Kg6 48. Kf2 Kf5 49. Kf3 1-0

[Event "Mechanics' Spring TNM; G/2"]
[Site "San Francisco"]
[Date "2017.04.25"]
[Round "7.17"]
[White "Kuczek, Kevin W"]
[Black "Argo, Guy"]
[Result "0-1"]
[WhiteElo "1799"]
[BlackElo "1974"]
[PlyCount "54"]
[EventDate "2017.??.??"]

1. e4 e5 2. Nf3 d6 3. d4 exd4 4. Nxd4 g6 5. Nc3 Bg7 6. Be3 Nf6 7. Be2 O-O 8.
O-O Re8 9. Bd3 d5 10. exd5 Nxd5 11. Nxd5 Qxd5 12. Nb5 Na6 13. c4 Qd7 14. Qb3 c6
15. Rad1 cxb5 16. cxb5 Nc7 17. Bc4 Qf5 18. b6 axb6 19. Bxb6 Ne6 20. Rfe1 Rf8
21. Re3 Qf6 22. Rf3 Qxb2 23. Qe3 Qb4 24. Bb3 Ra6 25. Bxe6 Bxe6 26. Bc5 Qa4 27.
Bxf8 Qxd1+ 0-1